000 00712nam a2200265Ia 4500
003 OSt
005 20221007105738.0
006 a|||||r|||| 00| 0
007 ta
008 221006b |||||||| |||| 00| 0 eng d
024 _a19,424
037 _cTextual
040 _aLCO
_cLCO
_beng
041 _2eng
_aeng
082 _aZ2,194, K6
100 _aDutt B.N
_9702242
245 0 _aDefence of India Act, 1962 and Rules with Allied Legislation
250 _a3rd
260 _aAllahabad
_bLaw Book Co. India
_c1966
300 _a597
650 _aDEFENCE LAW
_9706836
700 _a Beotra B.R
_949934
942 _hZ2,194, K6
_cTEXL
999 _c1188987
_d1188987